Linux Administration: A beginner's Guide

Na minha lista:
Detalhes bibliográficos
Autor principal: Steven Graham
Formato: Livro
Idioma:Undetermined
Publicado em: New York McGraw -Hill 2003
Tags: Adicionar Tag
Sem tags, seja o primeiro a adicionar uma tag!
Thư viện lưu trữ: Trung tâm Học liệu Trường Đại học Cần Thơ
LEADER 00414nam a2200157Ia 4500
001 CTU_65967
008 210402s9999 xx 000 0 und d
020 |b 544000 
082 |a 005.758 
082 |b G742 
100 |a Steven Graham 
245 0 |a Linux Administration: A beginner's Guide 
260 |a New York 
260 |b McGraw -Hill 
260 |c 2003 
980 |a Trung tâm Học liệu Trường Đại học Cần Thơ